000
00472nam a2200181Ia 4500
008
100917s9999 xx 000 0 und d
082
_b
62161
100
_a
साळोखे विलास
245
_a
त्रशिुल
260
_b
गुरू प्रकाशन
_c
1982
300
_a
82
365
_b
8
520
_a
नाटक
630
_a
त्रशिुल
650
_a
नाटक
730
_a
त्रशिुल
942
_c
BOOK
999
_c
667555
_d
667552